书目信息 |
| 题名: |
恐怖袭击离我们有多远
|
|
| 作者: | 张善明 , 袁秀凡 著 | |
| 分册: | ||
| 出版信息: | 北京 经济管理出版社 2005 |
|
| 页数: | 270页 | |
| 开本: | 21cm | |
| 丛书名: | ||
| 单 册: | ||
| 中图分类: | D815.5 | |
| 科图分类: | ||
| 主题词: | 反恐怖活动--研究--世界 , 恐怖主义--研究--世界 , 国际关系 | |
| 电子资源: | ||
| ISBN: | 7-80207-370-7 | |
| 000 | 00883nam0 2200265 450 | |
| 001 | 012005115000 | |
| 005 | 20061104091716.42 | |
| 010 | @a7-80207-370-7@dCNY18.00 | |
| 100 | @a20060106d2005 em y0chiy0110 ea | |
| 101 | 0 | @achi |
| 102 | @aCN@b110000 | |
| 105 | @ay z 000yy | |
| 200 | 1 | @a恐怖袭击离我们有多远@9kong bu xi ji li wo men you duo yuan@f张善明,袁秀凡著 |
| 210 | @a北京@c经济管理出版社@d2005 | |
| 215 | @a270页@d21cm | |
| 300 | @a国际时事政治读本 | |
| 330 | @a本书通过大量事实在痛陈恐怖袭击活动给人类社会生产、生活造成灾难性后果的同时,揭示了造成当今各种恐怖袭击活动猖獗、泛滥的根源及其危害性。 | |
| 606 | 0 | @a反恐怖活动@x研究@y世界 |
| 606 | 0 | @a恐怖主义@x研究@y世界 |
| 606 | 0 | @a国际关系 |
| 690 | @aD815.5@v3 | |
| 701 | 0 | @a张善明@9zhang shan ming@4著 |
| 701 | 0 | @a袁秀凡@9yuan xiu fan@4著 |
| 801 | 0 | @aCN@bRENTIAN@c20061104 |
| 905 | @a10447@dD815.5@e76 | |
| 恐怖袭击离我们有多远/张善明,袁秀凡著.-北京:经济管理出版社,2005 |
| 270页;21cm |
| 国际时事政治读本 |
| ISBN 7-80207-370-7:CNY18.00 |
| 本书通过大量事实在痛陈恐怖袭击活动给人类社会生产、生活造成灾难性后果的同时,揭示了造成当今各种恐怖袭击活动猖獗、泛滥的根源及其危害性。 |
| ● |
| 相关链接 |
|
|
|
|
正题名:恐怖袭击离我们有多远
索取号:D815.5/76
 
预约/预借
| 序号 | 登录号 | 条形码 | 馆藏地/架位号 | 状态 | 备注 |
| 1 | 0381141 | 203811410 | 第一样本阅览室/ [索取号:D815.5/76] | 在馆 | |
| 2 | 0381142 | 203811429 | 第一借阅区/ [索取号:D815.5/76] | 在馆 | |
| 3 | 0381143 | 203811438 | 第一借阅区/ [索取号:D815.5/76] | 在馆 | |
| 4 | 0381144 | 203811447 | 第一借阅区/ [索取号:D815.5/76] | 在馆 | |
| 5 | 0381145 | 203811456 | 第一借阅区/ [索取号:D815.5/76] | 在馆 |